Statistiken für Deutsche Serien erraten mit Bildern

Klicken Sie hier um das Quiz zu spielen!

Allgemein

  • Dieses Quiz wurde 158 mal gespielt
  • Das Durchschnittsergebnis liegt bei 5 aus 12

Antwortstatistiken

Antwort% Korrekt
Pastewka
83%
Hinter Gittern
66%
Hausmeister Krause
65%
Schillerstraße
54%
Ritas Welt
53%
Verliebt in Berlin
47%
Doctor's Diary
45%
Nikola
35%
Danni Lowinski
29%
Anna und die Liebe
24%
Arme Millionäre
6%
Bis in die Spitzen
1%

Verteilung der Resultate

Perzentil nach korrekt beantworteten Fragen

Anzahl Personen mit jedem Resultat

Ihre Resultats-Entwicklung

Sie haben dieses Quiz noch nicht gespielt